000 00826nam a2200313Ia 4500
001 57362
003 IT-RoPAU
008 130308s9999 xx 000 0 und d
040 _aIT-RoPAU
040 _cIT-RoPAU
041 _aFRANCESE
100 _aChevalier Jean-Claude
100 _gCodice Aut. SPICS: 20999
245 _aFardeau (Le)
245 _bSignifiant (Le)-Langages N.82
250 _a1a ed.
260 _aPARIS
260 _bLarousse
260 _c1986 [1° Ed.:1986 - Ed.Ling.Originale:1986]
300 _a"7 p. (prefazione: no ; testo: 7 [pagine: 5-11])"
650 _aSEMIOLOGIA
650 _eCodice materia Spics: 3251
700 _aLaunay MichelMolho Maurice
700 _gCodice Aut. SPICS: 21001Codice Aut. SPICS: 21002
942 _cBK
957 _71
999 _c38302
_d38302
999 _bSI
999 _g1